Statistics for Rubik's Cube Quiz

Click here to take the quiz!

General Stats

  • This quiz has been taken 42 times
  • The average score is 9 of 13

Answer Stats

QuestionAnswer% Correct
What is the Sexy move right hand?R U R' U'
97%
What does LBL stand for?Layer by Layer
95%
Who invented the Rubik's cube?Ernő Rubik
92%
What is a DNF?Did not finish
87%
What is the World Record on a 3x3x3? NOT MONKEY LEAGUE3.47
84%
What method does Felix Zemdegs use?CFOP
79%
Which of these puzzles is a WCA event?Skweb 2 hand
79%
What is OOPS on a Rubik's cube?OLL OLL PLL SKIP
76%
What does a J-PERM do on a 2x2x2It swaps two pieces
68%
What used to be a WCA event but not now?Magic
55%
Why do people think that stickerless cubes are cheating?You can tell which colour is on the layer
55%
Is this right on a 3x3x3? BLUE OPPOSITE GREEN ORANGE OPPOSITE REDOn most cubes Yes
34%
Which of these companies is not a Rubik's compony?J-CUBES
32%

Score Distribution

Percentile by Number Answered

Percent of People with Each Score

Your Score History

You have not taken this quiz